| 000 | 00481nam a2200145Ia 4500 | ||
|---|---|---|---|
| 008 | 231129s2007||||xx |||||||||||||| ||spa|| | ||
| 020 | _a978-958-8272-70-2 | ||
| 040 | _bspa | ||
| 082 | _a371.32 A478u | ||
| 100 | _aAlzate Piedrahíta María Victoria | ||
| 245 | 0 | _aUsos de los libros de texto escolar: actividades funciones y dispositivos didácticos | |
| 260 | _c2007 | ||
| 264 | _aUniversidad Tecnológica de Pereira | ||
| 942 |
_2ddc _cBKS |
||
| 999 |
_c26087 _d26087 |
||